[Event "Moscow op-A"]
[Site "Moscow"]
[Date "2009.02.05"]
[Round "6"]
[White "Sidorovsky, Evgeny"]
[Black "Antipov, Mikhail Al"]
[Result "1/2-1/2"]
[WhiteElo "1400"]
[BlackElo "2527"]
[PlyCount "39"]
[EventDate "2009.01.31"]
[EventType "swiss"]
[EventRounds "9"]
[EventCountry "RUS"]
[SourceTitle "EXT 2022"]
[Source "ChessBase"]
[SourceDate "2021.10.06"]
[SourceVersion "1"]
[SourceVersionDate "2021.10.06"]
[SourceQuality "1"]

1. d4 d5 2. Nf3 Nf6 3. g3 Bf5 4. Bg2 c6 5. c3 Nbd7 6. 0-0 h6 7. Nbd2 e6 8. Re1 Be7 9. h3 0-0 10. b3 Rc8 11. b4 b6 12. Qa4 c5 13. Bb2 cxb4 14. cxb4 Bc2 15. Nb3 Rc4 16. Qxa7 Bxb4 17. Ba3 Bxa3 18. Qxa3 Qc7 19. Qb2 Rc8 20. Nbd2 1/2-1/2